Music Quiz

Random Music Quiz

Disturbed 5-Album Discography Quiz Stats

 Plays Quiz not verified by Sporcle

Challenge
Share
Tweet
Embed
Score 0/64 Timer 10:00
0 Plays Today
% Correct
Down With the Sickness
97%
Asylum
97%
Indestructible
91.9%
Believe
88.9%
Ten Thousand Fists
88.9%
Prayer
81.8%
Inside the Fire
80.8%
Voices
79.8%
The Game
79.8%
Stricken
78.8%
The Night
78.8%
The Animal
78.8%
Warrior
77.8%
Another Way to Die
76.8%
Droppin' Plates
75.8%
Stupify
74.7%
Land of Confusion
74.7%
Shout 2000
73.7%
My Child
70.7%
Liberate
68.7%
Remnants
68.7%
The Infection
67.7%
Serpentine
66.7%
Deify
64.6%
Avarice
64.6%
Sons of Plunder
63.6%
Perfect Insanity
63.6%
Numb
62.6%
Crucified
61.6%
Ishfwilf
61.6%
Meaning of Life
60.6%
Fear
59.6%
% Correct
Darkness
59.6%
Guarded
59.6%
Just Stop
58.6%
Haunted
58.6%
Never Again
58.6%
I'm Alive
57.6%
Violence Fetish
56.6%
Want
56.6%
Remember
56.6%
Facade
56.6%
Innocence
56.6%
Mistress
55.6%
Overburdened
55.6%
Conflict
54.5%
Criminal
54.5%
Devour
53.5%
The Curse
53.5%
Torn
53.5%
Sacrifice
53.5%
Deceiver
52.5%
Enough
52.5%
Intoxication
50.5%
Divide
50.5%
Awaken
49.5%
Rise
49.5%
Bound
49.5%
Breathe
48.5%
Decadence
47.5%
Pain Redefined
46.5%
Leave It Alone
44.4%
Forgiven
38.4%
Sacred Lie
36.4%

You're not logged in!

Compare scores with friends on all Sporcle quizzes.
Join for Free
OR
Log In

You Might Also Like...

Show Comments

Extras

Created Sep 16, 2010ReportNominate
Tags:disturbed

Top Quizzes Today


Score Distribution

Your Account Isn't Verified!

In order to create a playlist on Sporcle, you need to verify the email address you used during registration. Go to your Sporcle Settings to finish the process.

Report this User

Report this user for behavior that violates our Community Guidelines.

Details: